Elemente, die nur auf entweder Deutsch oder Englisch auf -ium enden - Statistiken

Allgemein
  • Dieses Quiz wurde 27 mal gespielt
  • Das Durchschnittsergebnis liegt bei 4 aus 10
Antwortstatistiken
Group Antwort % Korrekt
-ium nur auf Englisch 92 - Uran / Uranium
86%
-ium nur auf Englisch 22 - Titan / Titanium
48%
-ium nur auf Englisch 24 - Chrom / Chromium
48%
-ium nur auf Englisch 41 - Niob / Niobium
48%
-ium nur auf Deutsch 14 - Silicium / Silicon
43%
-ium nur auf Englisch 34 - Selen / Selenium
43%
-ium nur auf Englisch 58 - Cer / Cerium
43%
-ium nur auf Englisch 52 - Tellur / Tellurium
29%
-ium nur auf Englisch 59 - Praseodym / Praseodymium
10%
-ium nur auf Englisch 60 - Neodym / Neodymium
10%
Keine übereinstimmenden Quizze gefunden
Verteilung der Resultate
Anzahl Personen mit jedem Resultat
Perzentil nach korrekt beantworteten Fragen
Ihre Resultats-Entwicklung
Sie haben dieses Quiz noch nicht gespielt